• 首页
  • 本馆介绍
  • 公告通知
  • 最新文献
  • 馆藏检索
  • 电子资源
  • 读者导购
  • 参考咨询
  • 我的图书馆
  • 登录
  • 详细信息显示
  • 放入我的书架
  • 预约/预借图书
  • 作者相关作品
  • 分类相关作品
  • 丛书相关作品
  • 出版社相关作品

书目信息

  • 表格格式
  • 工作单格式
  • 卡片格式
题名:
综合材料版画技法
    
 
作者: 杨锋 著
分册:  
出版信息: 西安   陕西人民美术出版社  2002
页数: 92页
开本: 26cm
丛书名:
单 册:
中图分类: J217
科图分类:
主题词: 绘画--技法(美术) , 版画--技法(美术)
电子资源:
ISBN: 7-5368-1497-6
000 00576nam0 2200205 45
001 0303250875
005 20031219104107.9
010    @a7-5368-1497-6@dCNY25.80
100    @a20030325d2002 km y0chiy0120 ea
101 0  @achi
105    @a z 000yy
200 1  @a综合材料版画技法@AZong He Cai Liao Ban Hua Ji Fa@f杨锋著@FYang Feng Zhu
210    @a西安@c陕西人民美术出版社@d2002
215    @a92页@d26cm
606 0  @a绘画@x技法(美术)
606 0  @a版画@x技法(美术)
690    @aJ217@v4
701  0 @a杨锋@4著
801    @aCN@bTSTC@c20030325
905    @b321382-384@dJ217@e187@f3
    
    综合材料版画技法/杨锋著.-西安:陕西人民美术出版社,2002
    92页;26cm
    
    
    ISBN 7-5368-1497-6:CNY25.80
    
●
相关链接 在E读中查询图书 在五车中查询图书 在当当中查询图书 在豆瓣中查询图书


正题名:综合材料版画技法     索取号:J217/187         预约/预借

序号 登录号 条形码 馆藏地/架位号 状态 备注
1 0321382   203213824   第一借阅区/ [索取号:J217/187] 在馆    
2 0321383   203213833   第一借阅区/ [索取号:J217/187] 在馆    
3 0321384   203213842   第一样本阅览室/ [索取号:J217/187] 在馆    
唐山师范学院图书馆 欢迎您!
大连网信软件有限公司© 版权所有